| 000 | 00350nam a2200145Ia 4500 | ||
|---|---|---|---|
| 008 | 191201s2004 xx 000 0 und d | ||
| 082 |
_a621.3811 _bNIC |
||
| 100 | _aTOMASI,Wayne | ||
| 245 | 0 | _aAdvanced Electronic Communication Systems | |
| 250 | _a6th | ||
| 260 |
_aN.Delhi _bPHI _c2004 |
||
| 300 | _a654 | ||
| 650 | _aB.Tech(ECE) | ||
| 942 |
_2ddc _cBK |
||
| 999 |
_c1720 _d1720 |
||